00832nam2a22001931 4500001003700000005001700037035002600054100004100080101000800121102000700129105001800136200003900154210001800193461033800211700002300549801002700572801001800599852002100617RU\NLR\INFOCOMM15\ROSSICA\100000918920250613190849.0 a(NLR Aleph) 009921644 a20030716d1908 |||y0rusy50 ca0 afre aRU ay ||||000ay1 aLes cales sèches...fL.Bieliawin d1908aБ. м. 01001RU\NLR\INFOCOMM15\ROSSICA\100000918512001#$aCommunication$e1$fXI-me Congrès de Navigation.II section: Navigation maritime$v4aCongrès de Navigation. II section: Navigation maritime (11 ; 1908 ; Saint-Pétersbourg)cSaint-Pétersbourgd1908fXI-me Congrès de Navigation.II section: Navigation maritimeo1tCommunicationv4 1aBieliawinbL.4070 1aRUbInfoCommc20030716 0aRUbNLRgPSBO aNLRj12.40.6.237